Fedák Sári vendégjátéka a "Pista néni"-ben

Elmentve itt :
Bibliográfiai részletek
Dokumentumtípus: Cikk
Megjelent: 1929-06-21
Sorozat:Délmagyarország 5 No. 138
Kulcsszavak:Fedák Sári, Színházi élet 1929
Online Access:http://dmarchiv.bibl.u-szeged.hu/46966
LEADER 00438nab a2200145 i 4500
001 delm46966
005 20180927131851.0
008 180927s1929 hu o 0|| hun d
040 |a SZTE Délmagyarország Archívum  |b hun 
041 |a hun 
245 0 0 |a Fedák Sári vendégjátéka a "Pista néni"-ben  |h [elektronikus dokumentum] 
260 |c 1929-06-21 
300 |a 6 
490 0 |a Délmagyarország  |v 5 No. 138 
695 |a Fedák Sári, Színházi élet 1929